Commercial property investment companies and corporate social responsibility (Record no. 81888)

MARC details
000 -LEADER
fixed length control field 01115cab a22002295a 4500
001 - CONTROL NUMBER
control field L148577
008 - FIXED-LENGTH DATA ELEMENTS--GENERAL INFORMATION
fixed length control field 091005s2009 xxk d f 000 0 eng d
035 ## - SYSTEM CONTROL NUMBER
System control number (Sirsi) u148577
041 0# - LANGUAGE CODE
Language code of text/sound track or separate title eng
100 1# - MAIN ENTRY--PERSONAL NAME
Personal name Jones, Peter
245 00 - TITLE STATEMENT
Title Commercial property investment companies and corporate social responsibility
260 ## - PUBLICATION, DISTRIBUTION, ETC.
Date of publication, distribution, etc. 2009
490 ## - SERIES STATEMENT
Series statement Journal of Property Investment and Finance
Volume/sequential designation 27(5) 2009, 522-533(12)
520 ## - SUMMARY, ETC.
Summary, etc. Are the UK's top 10 property investment companies addressing and reporting corporate social responsibility (CSR) issues? After outlining the origins and characteristics of CSR, the investigation focuses specifically on CSR issues relating to environment, marketplace, workplace and community, reflecting on them and on CSR reporting. Finds substantial variations in the nature and the extent of CSR reporting. Table. References.
590 ## - LOCAL NOTE (RLIN)
Local note KA
651 #4 - SUBJECT ADDED ENTRY--GEOGRAPHIC NAME
Geographic name United Kingdom
Chronological subdivision
690 ## - LOCAL SUBJECT ADDED ENTRY--TOPICAL TERM (OCLC, RLIN)
Topical term or geographic name as entry element MANAGEMENT-BUSINESS MANAGEMENT-BUSINESS ETHICS-CORPORATE SOCIAL RESPONSIBILITY
700 1# - ADDED ENTRY--PERSONAL NAME
Personal name Hillier, David
700 1# - ADDED ENTRY--PERSONAL NAME
Personal name Comfort, Daphne
700 1# - ADDED ENTRY--PERSONAL NAME
Personal name Clarke-Hill, Colin
942 ## - ADDED ENTRY ELEMENTS (KOHA)
Suppress in OPAC 0
Holdings
Withdrawn status Lost status Source of classification or shelving scheme Damaged status Not for loan Home library Current library Shelving location Date acquired Total Checkouts Full call number Barcode Date last seen Copy number Price effective from Koha item type
    Dewey Decimal Classification     London London Journal article 05/10/2009   L148577 148577-1001 06/08/2019 1 06/08/2019 Journal article